Bilecik Bilecik Bilecik Bilecik Bilecik

Lineer cebir : (Record no. 28131)

MARC details
000 -BAŞLIK
Sabit Uzunluktaki Kontrol Alanı 01462nam a22003617a 4500
001 - KONTROL NUMARASI
Control Dosyası 0028207
003 - KONTROL NUMARASI KİMLİĞİ
Kontrol Alanı KOHA_MİRAKIL
005 - EN SON İŞLEM TARİHİ ve ZAMANI
Kontrol Alanı 20260207002622.0
007 - FİZİKSEL TANIM SABİT ALAN - GENEL BİLGİ
Sabit uzunluklu kontrol alanı ta
008 - SABİT UZUNLUKTAKİ VERİ ÖGELERİ - GENEL BİLGİ
Sabit Alan 110309b2000 tu |||gr||||#||||0|tur |
020 ## - ISBN - ULUSLARARASI STANDART KİTAP NUMARASI
Kullanılabilirlik koşulları 0,01
040 ## - KATALOGLAMA KAYNAĞI
Özgün Kataloglama Kurumu TR-BiSEU
Kataloglama Dili tur
Çeviri Kurumu TR-BiSEU
Açıklama Kuralları rda
041 0# - DİL KODU
Metin ya da ses kaydının dil kodu tur
044 ## - YAYINLAYAN/ÜRETEN KURULUŞUN ÜLKE KODU
ISO country code tu
050 ## - SINIFLAMA ve YER NUMARASI
Sınıflama Numarası QA184
Yer Numarası .A48 2000
100 1# - KİŞİ ADI
Yazar Adı (Kişi adı) Altan, M.Emin.
245 1# - ESER ADI BİLDİRİMİ
Başlık Lineer cebir :
Alt Eseradı vb. Çözülmüş alıştırmalarla /
Sorumluluk Bildirimi M.Emin Altan ; M. Emin Altan.
264 #1 - ÜRERİM, YAYIN, DAĞITIM ve TELİF BİLDİRİMİ
Yayın yeri İstanbul :
Yayınlayan İstanbul Mimar Sinan Üniversitesi
Yayın tarihi 2000
-- 2000
300 ## - FİZİKSEL TANIMLAMA
Sayfa, Cilt vb. viii, 325 s.
336 ## - İÇERİK TÜRÜ
Content type term metin
Content type code txt
Source rdacontent
337 ## - MEDYA TÜRÜ
Media type term aracısız
Media type code n
Source rdamedia
338 ## - TAŞIYICI TÜRÜ
Carrier type term cilt
Carrier type code nc
Source rdacarrier
490 1# - DİZİ BİLDİRİMİ
Dizi Bildirimi Mimar Sinan Üniversitesi Yayın No ;
Cilt Numarası 26.
490 1# - DİZİ BİLDİRİMİ
Dizi Bildirimi Fen Edebiyat Fakültesi Yayın No ;
Cilt Numarası 9.
500 ## - GENEL NOT
Genel Not Kaynakça ve dizin var.
500 ## - GENEL NOT
Genel Not Matematikçiler iktisatçılar ve mühendisler için
505 ## - İÇİNDEKİLER NOTU
İçindekiler Notu Matematik lojik ; Kümeler ; Bağıntı ve görüntüleme ; Cebirsel yapılar ; Vektörler ; Vektör uzayları ; Matrisler ; Determinantlar ; Lineer denklem sistemleri ; Öz değerler köşegenleştirme ; Kuadratik biçimler ; Koordinat eksenleriniin değişimi ; Lineer görüntülemeler
650 #0 - KONU BAŞLIĞI EK GİRİŞ - KONU TERİMİ
Konusal terim veya coğrafi ad Algebras,linear.
9 (RLIN) 55872
650 #0 - KONU BAŞLIĞI EK GİRİŞ - KONU TERİMİ
Konusal terim veya coğrafi ad Cebir,doğrusal.
9 (RLIN) 55873
830 1# - SERİ EK GİRİŞİ - TEKBİÇİM ESER ADI
Tekbiçim Başlık Mimar Sinan Üniversitesi Yayın No ;
Volume number/sequential designation 26.
9 (RLIN) 55874
830 1# - SERİ EK GİRİŞİ - TEKBİÇİM ESER ADI
Tekbiçim Başlık Fen Edebiyat Fakültesi Yayın No ;
Volume number/sequential designation 9.
9 (RLIN) 53744
942 ## - EK GİRİŞ ÖGELERİ (KOHA)
Source of classification or shelving scheme Library of Congress Classification
Koha item type Book
Holdings
Materyal Türü Kalıcı Konum Mevcut Konum Raf Yeri Sınıflandırma Kaynağı Edinim Bilgisi Ana Konular Alt Konular Yer Numarası Demirbaş Numarası Fatura Tarihi Geri Çekilme Durumu Kayıp Durumu Hasarlı Durumu Kredi için değil Kayıt Tarih Toplam Ödünçverme Son Görülme Tarihi Son Kontrol Tarihi Genel / Bağış Notu
Book Prof. Dr. Azmi Özcan Kütüphanesi Prof. Dr. Azmi Özcan Kütüphanesi Birûni Salonu Library of Congress Classification Bağış BİLİM Matematik QA184 .A48 2000 0028207 02/02/2026         09/03/2011 17 05/12/2024 05/12/2024 Genel Bağış